000 01111 a2200217 4500
001 26681
005 20260407155545.0
008 260407a1971 arg spa d
003 AR-UNSa-BCEJYS
040 _aAR-UNSa-BCEJYS
_bspa
_cAR-UNSa-BCEJYS
080 _a347(094.4)
_xCódigo Civil
245 1 0 _aCódigo civil y leyes complementarias anotados
250 _a2a. ed. act.
264 1 _aBuenos Aires :
_bEdiciones Depalma
_c1971
300 _a627 p.
_c23 cm.
505 _aI. De las personas: 1. De las personas en general - 2. De los derechos personales en las relaciones de familia - II. De los derechos personales en las relaciones civiles: A- 1. De las obligaciones en general - 2. De las obligaciones con relación a su objeto - 3. De las obligaciones con relación a las personas - B- 1. Extinción de las obligaciones - 2. De los hechos y actos jurídicos que producen la adquisición, modificación, transferencia o extinción de los derechos y obligaciones.
942 _cBK
590 _aniveau_biblio:m niveau_hierar:0
100 1 _aArgentina [Código Civil]
700 1 _aSalas, Acdeel Ernesto
999 _c1483
_d1483